Football by Regions - South East Asia - Statistics

General Stats
  • This quiz has been taken 12 times
  • The average score is 9 of 20
Answer Stats
Picture Answer % Correct
Johor Darul Ta'zim
90%
Lion City Sailors
80%
Buriram United
70%
True Bangkok United
70%
Hanoi FC
60%
Persib Bandung
60%
Bangkok Glass Pathum United
50%
Kuala Lumpur City FC
50%
Muangthong United
50%
Persebaya
50%
Persija Jakarta
50%
Thai Port FC
50%
PSM Makassar
40%
Shan United
40%
Arema Malang
30%
Yangon United
30%
Kaya-Ilolo
10%
Phnom Penh Crown
10%
United City
10%
Viettel
10%
No matching quizzes found
Score Distribution
Percent of People with Each Score
Percentile by Number Answered
Your Score History
You have not taken this quiz